=LDR 00000nam 2200000 4500 =001 NUTBA000000000003125 =005 20200310093021 =035 ##$$a 0010-071400000000313 =008 200310################g##########0#ind## =020 ##$$a 979-26-6750-4 =082 ##$$a 297.23 =100 #$$a Abdul Aziz bin Abdurrahman Asy-Syatri =245 1#$$a Rahasia masuk surga /$c Dr.Abdul Aziz bin Abdurrahman, Asy-Syatri =250 ##$$a cet.1 =260 ##$$a Surabaya :$b La Raiba Bima Amanta,$c 2007 =300 ##$$a 237 hlm ; $c 15 x 21 cm =850 ##$$a NBPNMAT =084 ##$$a 297.23 ABD r =650 #4$$a Tasawuf =990 ##$$a 21400613/BPAP-NTB/20142014 =990 ##$$a 51200492